Statistiken für Liedtext - Irgendwas bleibt - Silbermond

Klicken Sie hier um das Quiz zu spielen!

Allgemein

  • Dieses Quiz wurde 253 mal gespielt
  • Das Durchschnittsergebnis liegt bei 144 aus 179

Antwortstatistiken

Textquiz% Korrekt
bleibt
98%
das
98%
Das
98%
irgendwas
98%
die
94%
der
93%
du
93%
mir
93%
'n
93%
ein
91%
Gib
91%
gib
91%
einer
90%
In
89%
in
89%
Diese
88%
bisschen
87%
ist
86%
nichts
86%
Und
86%
was
86%
Welt
86%
Zeit
86%
dass
85%
dieser
85%
ich
85%
kleines
85%
scheint
83%
sicher
83%
Sicherheit
82%
Oh
80%
hier
79%
Hier
79%
mich
79%
nur
78%
alles
77%
Alles
77%
Sag
77%
zu
76%
den
75%
wenn
75%
noch
74%
Halt
72%
sein
72%
Ort
71%
schnell
71%
einfach
70%
gibst
70%
heute
70%
still
70%
wieg'
70%
wieg
70%
Morgen
69%
genauso
68%
gilt
68%
hat
68%
schnellen
68%
Wort
66%
beständig
65%
Geschwindigkeit
65%
bitte
64%
komm'
64%
steht
64%
aus
63%
Nimm
63%
verliert
63%
Verstand
62%
wieder
62%
Auch
61%
beim
61%
Hol
61%
verlernt
61%
Alten
60%
Denn
59%
Doch
59%
Gute
57%
ihre
57%
passiert
57%
unberührt
57%
Frist
54%
schwör'
50%
setzen
49%
Versuchungen
47%
Dann
21%

Verteilung der Resultate

Perzentil nach korrekt beantworteten Fragen

Anzahl Personen mit jedem Resultat

Ihre Resultats-Entwicklung

Sie haben dieses Quiz noch nicht gespielt